Jirueque y vecindades (Record no. 168630)

MARC details
000 -LEADER
campo de control de longitud fija 00692nam a22002175i 4500
001 - NÚMERO DE CONTROL
campo de control 168630
003 - IDENTIFICADOR DE NÚMERO DE CONTROL
campo de control ES-MaACL
005 - FECHA Y HORA DE LA ÚLTIMA TRANSACCIÓN
campo de control 20230906213834.0
008 - DATOS DE LONGITUD FIJA--INFORMACIÓN GENERAL
campo de control de longitud fija 080425s2007 sp |||| | spa d
020 ## - NÚMERO INTERNACIONAL ESTÁNDAR DEL LIBRO
Número Internacional Estándar del Libro 978-84-96885-11-0
080 ## - NÚMERO DE LA CLASIFICACIÓN DECIMAL UNIVERSAL
Número de la Clasificación Decimal Universal 913(460.281)
100 1# - ENTRADA PRINCIPAL--NOMBRE DE PERSONA
Nombre de persona Carrero Eras, Pedro.
9 (RLIN) 35704
245 10 - MENCIÓN DEL TÍTULO
Título Jirueque y vecindades
Resto del título : viaje interior /
Mención de responsabilidad, etc. Pedro Carrero Eras.
260 ## - PUBLICACIÓN, DISTRIBUCIÓN, ETC.
Lugar de publicación, distribución, etc. Guadalajara :
Nombre del editor, distribuidor, etc. Aache,
Fecha de publicación, distribución, etc. 2007.
300 ## - DESCRIPCIÓN FÍSICA
Extensión 101 p. :
Otras características físicas il. ;
Dimensiones 21 cm.
490 1# - MENCIÓN DE SERIE
Mención de serie Viajero a pie ;
Designación de volumen o secuencia 9
651 #4 - PUNTO DE ACCESO ADICIONAL DE MATERIA--NOMBRE GEOGRÁFICO
Nombre geográfico Henares (Valle)-
Subdivisión general Descripción.
9 (RLIN) 137694
830 0# - PUNTO DE ACCESO ADICIONAL DE SERIE-TÍTULO UNIFORME
Título uniforme Viajero a pie ;
Designación de volumen o secuencia 9
9 (RLIN) 222748
852 ## - LOCALIZACIÓN
Ubicación ES-MaACL
Número de control de estantería L-29380
itemnumber R.143188
Nota libre Ded. autógr. del autor
Holdings
Estatus retirado Estado de pérdida Estado de daño No para préstamo Biblioteca de origen Biblioteca actual Ubicación en estantería Fecha de adquisición Fuente de adquisición Total de préstamos Signatura topográfica completa Código de barras Visto por última vez Precio de reemplazo Tipo de ítem Koha
        Biblioteca del Ateneo de Madrid Biblioteca del Ateneo de Madrid Depósito 2 25/04/2008     L-29380 1176965 23/02/2023 23/02/2023 Libro impreso